00733nam a22002297a 4500003000500000005001700005008004100022010001000063011001000073035001000083040000900093100002200102245009300124260008000217300001000297490002200307500001000329650002900339650004000368710007300408830002200481CHAP20220329141519.0971013s r 00010 d a69379 a70351 a79832 cCHAP00aMoline, Harold E. aPostharvest pathology of fruits and vegetablesb: postharvest losses in perishable crops aBerkeley, Ca. :bUniversity of California Agricultural Experimental Station a80 p. aPublication NE-87 a34-3314aCosechasxPérdidas de.14aFrutaxFisiología y morfología.0 aUniversity of California. Berkeley. Agricultural Experiment Station.0 aPublication NE-87